Advanced Multimedia Content Processing (Record no. 25517)

MARC details
000 -LEADER
fixed length control field 00332nam a22001457a 4500
003 - CONTROL NUMBER IDENTIFIER
control field OSt
005 - DATE AND TIME OF LATEST TRANSACTION
control field 20211231110448.0
008 - FIXED-LENGTH DATA ELEMENTS--GENERAL INFORMATION
fixed length control field 211231b |||||||| |||| 00| 0 eng d
020 ## - INTERNATIONAL STANDARD BOOK NUMBER
International Standard Book Number 3540657622
040 ## - CATALOGING SOURCE
Transcribing agency HU
082 ## - DEWEY DECIMAL CLASSIFICATION NUMBER
Classification number 006.7
100 ## - MAIN ENTRY--PERSONAL NAME
Personal name Adv
9 (RLIN) 3018
245 ## - TITLE STATEMENT
Title Advanced Multimedia Content Processing
942 ## - ADDED ENTRY ELEMENTS (KOHA)
Source of classification or shelving scheme Dewey Decimal Classification
Koha item type Books like text book referance book
Suppress in OPAC No
Holdings
Withdrawn status Lost status Source of classification or shelving scheme Damaged status Not for loan Home library Current library Shelving location Date acquired Total Checkouts Full call number Barcode Date last seen Copy number Price effective from Koha item type
    Dewey Decimal Classification     IoT Library IoT Library General Stacks 12/31/2021   006.7/ADV1999 IOTL0003384 12/31/2021 1 12/31/2021 Books like text book referance book
    Dewey Decimal Classification     IoT Library IoT Library General Stacks 12/31/2021   006.7/ADV1999 IOTL0003385 12/31/2021 2 12/31/2021 Books like text book referance book
    Dewey Decimal Classification     IoT Library IoT Library General Stacks 12/31/2021   006.7/ADV1999 IOTL0003386 12/31/2021 3 12/31/2021 Books like text book referance book